Museo Pushkin de Moscú

保存先:
書誌詳細
第一著者: Malitskaya, K. M. (autor)
フォーマット: 図書
言語:スペイン語
出版事項: Barcelona Labor 1968
主題:
タグ: タグ追加
タグなし, このレコードへの初めてのタグを付けませんか!

MARC

LEADER 00000nam a2200000 a 4500
001 UCT3539
003 CL-VaPUC
008 961024e19680100SP |||||||||||||||||spa|d
082 0 4 |a 790  |b MAL  |2 21 
100 |a Malitskaya, K. M.  |e autor  |9 372474 
245 1 0 |a Museo Pushkin de Moscú 
300 |a 208 p 
942 |c BK 
945 |d 19961024 00:00:00  |a paguirre 
260 |a Barcelona  |b Labor  |c 1968 
650 0 |a Museos  |9 269209 
650 7 |a MUSEOS NACIONALES  |2 CL-VaPUC  |9 372475 
650 7 |a COLECCIONES DE MUSEOS  |2 CL-VaPUC  |9 349562 
650 7 |a GALERIAS DE ARTE  |2 CL-VaPUC  |9 372476 
650 7 |a INSTALACIONES DE MUSEOS  |2 CL-VaPUC  |9 372477 
651 7 |a MOSCU  |2 CL-VaPUC  |9 341261 
651 0 |a Rusia   |9 256106 
583 |a last modification  |c 19961024 00:00:00  |k Rodrigo Vera 
999 |c 253152  |d 253150 
952 |0 0  |1 0  |4 0  |6 790_000000000000000_MAL_1968  |7 0  |8 C  |9 273765  |a BIBCUR  |b BIBCUR  |d 2019-11-19  |i 1776002  |o 790 MAL 1968  |p 1776002  |r 2025-04-22  |w 2019-11-19  |y BK  |k BCB